000 00522nam a22001817a 4500
005 20250318162256.0
008 250318b |||||||| |||| 00| 0 eng d
020 _a9789386298607
_c680.00
040 _aMAIN
041 _aEnglish
082 _a540.76
_bRAM
100 _aRamesh Publishing
245 _aR. Guptas NTA Joint CSIR UGC NET Junior Research Fellowship and Eligibility for Lectureship
_b: Chemical Sciences
260 _aNew Delhi
_bRamesh
_c2026
300 _a420
650 _aChemistry
942 _cBK
999 _c59496
_d59496